1-word Reese Witherspoon Movies Quiz Stats

Quiz not verified by Sporcle

Challenge
Share
Tweet
Embed
Score 0/10 Timer 10:00
0 Plays Today
Year Title % Correct
2014Wild
84.4%
1999Election
65.6%
1996Fear
50%
1996Freeway
34.4%
1998Twilight
34.4%
1998Pleasantville
31.3%
2007Rendition
31.3%
2012Mud
31.3%
2006Penelope
28.1%
2016Sing
25%

You're not logged in!

Compare scores with friends on all Sporcle quizzes.
Sign Up with Email
OR
Log In

You Might Also Like...

Show Comments

Extras

Top Quizzes Today


Score Distribution

Your Account Isn't Verified!

In order to create a playlist on Sporcle, you need to verify the email address you used during registration. Go to your Sporcle Settings to finish the process.

Report this User

Report this user for behavior that violates our Community Guidelines.

Details: